[Event "CAN-op"]
[Site "Regina CAN"]
[Date "2019.07.14"]
[Round "3.15"]
[White "Lin, Joey"]
[Black "Bu, Kevin"]
[Result "0-1"]
[WhiteElo "1255"]
[BlackElo "1784"]
[PlyCount "118"]
[EventDate "2019.07.12"]
[EventType "swiss"]
[EventRounds "9"]
[EventCountry "CAN"]

1. e4 Nf6 2. d3 e5 3. Nf3 Nc6 4. g3 d5 5. exd5 Nxd5 6. Bg2 Bc5 7. O-O O-O 8.
Re1 Re8 9. Nbd2 f6 10. Nf1 Bg4 11. h3 Be6 12. Ne3 Qd7 13. Kh2 Rad8 14. Nxd5
Bxd5 15. Be3 Bxe3 16. Rxe3 Nd4 17. Nxd4 Bxg2 18. Kxg2 Qxd4 19. c3 Qd5+ 20. Kh2
Re6 21. Qc2 Red6 22. b3 Qb5 23. Rd1 c5 24. Qe2 Qd7 25. Qc2 b5 26. a4 a6 27.
axb5 Qxb5 28. Kg1 Qd7 29. Kh2 Qb7 30. Qa2 Kh8 31. Qc2 h6 32. Kg1 Rb8 33. Rb1
Rb6 34. Qa2 Rxb3 35. Rxb3 Qxb3 36. Qxa6 Qxc3 37. Kg2 Qb3 38. Qa7 Qb7+ 39. Qxb7
Rxb7 40. Re2 Rd7 41. Rc2 Rd5 42. Rc4 Kg8 43. Rc3 Kf7 44. Kf3 f5 45. g4 g6 46.
Ke3 Ke6 47. f3 Kf6 48. Rc4 Kg5 49. f4+ exf4+ 50. Rxf4 Rxd3+ 51. Kxd3 Kxf4 52.
gxf5 gxf5 53. Kc4 Ke3 54. Kxc5 f4 55. Kd5 f3 56. Ke5 f2 57. Kf5 f1=Q+ 58. Kg4
Qf4+ 59. Kh5 Qg5# 0-1

[Event "CAN-op"]
[Site "Regina CAN"]
[Date "2019.07.14"]
[Round "3.16"]
[White "McDonald, Mike"]
[Black "Vasic, Maxim"]
[Result "1-0"]
[WhiteElo "1741"]
[BlackElo "1964"]
[PlyCount "99"]
[EventDate "2019.07.12"]
[EventType "swiss"]
[EventRounds "9"]
[EventCountry "CAN"]

1. e4 e5 2. Nf3 Nc6 3. Bb5 a6 4. Ba4 Nf6 5. O-O Be7 6. c3 Nxe4 7. Re1 Nc5 8.
Bxc6 dxc6 9. Nxe5 O-O 10. d4 Nd7 11. Bf4 Nb6 12. Nd2 Be6 13. h3 Nd5 14. Bh2 c5
15. c4 Nf6 16. d5 Bf5 17. Qb3 Rb8 18. g4 Bg6 19. f4 h6 20. Nxg6 fxg6 21. Qd3
Kh7 22. Nf3 Ng8 23. Re6 Rf6 24. f5 gxf5 25. gxf5 Qd7 26. Be5 Rbf8 27. Bxf6 Bxf6
28. Ne5 Bxe5 29. Rxe5 Nf6 30. Rae1 Qd6 31. Qf3 Kh8 32. Re6 Qd8 33. Re7 Ng8 34.
R7e5 Qg5+ 35. Qg4 Qd2 36. R1e2 Qc1+ 37. Kh2 Nf6 38. Qh4 Nh7 39. Re8 Qf1 40.
Rxf8+ Nxf8 41. Qf2 Qc1 42. f6 g5 43. Re4 h5 44. b3 Qc3 45. Re7 h4 46. Re3 Qd4
47. Qf3 Kg8 48. Re7 Qb2+ 49. Re2 Qd4 50. Qf5 1-0

[Event "CAN-op"]
[Site "Regina CAN"]
[Date "2019.07.14"]
[Round "3.17"]
[White "Ratte, Cameron"]
[Black "Bince, Rolando"]
[Result "1/2-1/2"]
[WhiteElo "1857"]
[BlackElo "1857"]
[PlyCount "83"]
[EventDate "2019.07.12"]
[EventType "swiss"]
[EventRounds "9"]
[EventCountry "CAN"]

1. e4 Nf6 2. e5 Nd5 3. d4 d6 4. Nf3 g6 5. Bc4 c6 6. O-O Bg7 7. h3 O-O 8. Bb3 a5
9. c4 Nb6 10. exd6 exd6 11. Nc3 Be6 12. d5 cxd5 13. cxd5 Bd7 14. Bf4 a4 15. Bc2
a3 16. Ne4 axb2 17. Rb1 Nc4 18. Bd3 Bf5 19. Qb3 Bxe4 20. Bxe4 b5 21. Bd3 Ra6
22. Bxc4 bxc4 23. Qxc4 Qd7 24. Qb3 Rc8 25. Rxb2 Bxb2 26. Qxb2 f6 27. Nd4 Qf7
28. Ne6 Ra7 29. Rc1 Re8 30. Bxd6 Rb7 31. Qd2 Nd7 32. a4 Rxe6 33. dxe6 Qxe6 34.
Re1 Ne5 35. f4 Nc4 36. Rxe6 Nxd2 37. Rxf6 Rb1+ 38. Kh2 Nf1+ 39. Kg1 Ng3+ 40.
Kh2 Nf1+ 41. Kg1 Ng3+ 42. Kh2 1/2-1/2

[Event "CAN-op"]
[Site "Regina CAN"]
[Date "2019.07.14"]
[Round "3.18"]
[White "Albzour, Abdalsalam"]
[Black "Darvekar, Yash"]
[Result "1-0"]
[WhiteElo "1794"]
[BlackElo "1495"]
[PlyCount "85"]
[EventDate "2019.07.12"]
[EventType "swiss"]
[EventRounds "9"]
[EventCountry "CAN"]

1. e4 c5 2. Nf3 g6 3. Bc4 Nc6 4. d4 cxd4 5. Nxd4 Nf6 6. Nc3 Bg7 7. O-O O-O 8.
Be3 Ne5 9. Be2 d6 10. h3 Bd7 11. a4 Bc6 12. f3 d5 13. exd5 Bxd5 14. Nxd5 Nxd5
15. Bf2 Nf4 16. c3 Nc6 17. Nxc6 bxc6 18. Re1 Nxe2+ 19. Qxe2 e6 20. Red1 Qc7 21.
Bc5 Rfd8 22. Rxd8+ Rxd8 23. Rd1 Rd5 24. Rxd5 cxd5 25. Qb5 h5 26. Bf2 Be5 27. a5
Qb8 28. Qxb8+ Bxb8 29. Kf1 Kf8 30. Ke2 Ke7 31. b4 Kd6 32. b5 e5 33. Kd3 f5 34.
c4 d4 35. f4 Kc5 36. fxe5 Bxe5 37. Bh4 Kd6 38. a6 Kc5 39. Bd8 g5 40. Bxg5 Kb6
41. Bd8+ Kc5 42. b6 Bb8 43. Bc7 1-0

[Event "CAN-op"]
[Site "Regina CAN"]
[Date "2019.07.14"]
[Round "3.19"]
[White "Landstrom, William"]
[Black "Green, Jim"]
[Result "1-0"]
[WhiteElo "1516"]
[BlackElo "1772"]
[PlyCount "103"]
[EventDate "2019.07.12"]
[EventType "swiss"]
[EventRounds "9"]
[EventCountry "CAN"]

1. e4 e5 2. Nf3 Nf6 3. Nc3 d6 4. Bc4 Be7 5. O-O O-O 6. d3 Nc6 7. a4 Bg4 8. h3
Bh5 9. g4 Bg6 10. Be3 Qd7 11. Nh2 Nd8 12. f4 exf4 13. Rxf4 Ne6 14. Rf3 Ne8 15.
Qd2 c6 16. d4 N8c7 17. d5 cxd5 18. exd5 Nc5 19. Bxc5 dxc5 20. Qf2 Bd6 21. Kh1
a6 22. Bd3 Rae8 23. Bf5 Bxf5 24. gxf5 f6 25. Ng4 Kh8 26. h4 h5 27. Ne3 b5 28.
axb5 axb5 29. Rd1 b4 30. Ne2 Re4 31. Ng2 Rfe8 32. Ng3 Rg4 33. Nxh5 Ree4 34. Ng3
Re8 35. h5 Qf7 36. Nf4 Bxf4 37. Rxf4 Rxf4 38. Qxf4 Nxd5 39. Qc4 Rd8 40. Qxc5
Qg8 41. Qa5 Qe8 42. Rxd5 Rxd5 43. Qxd5 Qe1+ 44. Kh2 Qf2+ 45. Qg2 Qf4 46. Kh3
Kh7 47. Qc6 Qe5 48. b3 Qe7 49. Qc4 Qb7 50. c3 bxc3 51. Qxc3 Kh6 52. Qc4 1-0

[Event "CAN-op"]
[Site "Regina CAN"]
[Date "2019.07.14"]
[Round "3.20"]
[White "Einarsson, Ken"]
[Black "Wang, Elon"]
[Result "0-1"]
[WhiteElo "1682"]
[BlackElo "1529"]
[PlyCount "116"]
[EventDate "2019.07.12"]
[EventType "swiss"]
[EventRounds "9"]
[EventCountry "CAN"]

1. d4 d5 2. c4 c6 3. e3 Nf6 4. Nc3 Bf5 5. Nf3 e6 6. Bd2 Bb4 7. Qb3 Bxc3 8. Bxc3
Qb6 9. Be2 O-O 10. O-O Qxb3 11. axb3 Nbd7 12. c5 Rfe8 13. b4 a6 14. Ra3 Rad8
15. Nd2 e5 16. Nf3 e4 17. Nd2 Bg4 18. Re1 Bxe2 19. Rxe2 Nh5 20. f4 exf3 21.
Nxf3 Re7 22. Be1 Rde8 23. Bf2 Nhf6 24. Bh4 h6 25. h3 g5 26. Bg3 Ne4 27. Bh2 f6
28. Ra1 Nf8 29. Rf1 Kg7 30. Ne1 Kg6 31. g4 Ne6 32. Nd3 Ng7 33. Nf2 f5 34. Be5
Rxe5 35. dxe5 Ng3 36. Rfe1 Nxe2+ 37. Rxe2 Rxe5 38. Nd3 Re4 39. Kf2 h5 40. gxf5+
Nxf5 41. Kf3 g4+ 42. hxg4 hxg4+ 43. Kf2 Kg7 44. Re1 d4 45. exd4 Rxe1 46. Kxe1
Nxd4 47. Kf2 Kf6 48. Ke3 g3 49. Ne1 Ke5 50. Kd3 Nf5 51. Ng2 Kd5 52. Nf4+ Ke5
53. Ng2 Ne7 54. Ne3 Nd5 55. Nc4+ Kf4 56. Ke2 Nxb4 57. Nd6 Nd3 58. Nxb7 g2 0-1

[Event "CAN-op"]
[Site "Regina CAN"]
[Date "2019.07.14"]
[Round "4.1"]
[White "Zhao, Ian"]
[Black "Cherniaev, Alexander"]
[Result "0-1"]
[WhiteElo "2198"]
[BlackElo "2396"]
[PlyCount "72"]
[EventDate "2019.07.12"]
[EventType "swiss"]
[EventRounds "9"]
[EventCountry "CAN"]

1. e4 g6 2. d4 Bg7 3. Nc3 d6 4. g3 Nc6 5. Be3 e5 6. d5 Nce7 7. Bg2 f5 8. f3 Nf6
9. Qd3 c6 10. Nh3 cxd5 11. exd5 h6 12. O-O O-O 13. Nf2 Bd7 14. Rfe1 Be8 15.
Rad1 Bf7 16. Qb5 Qc7 17. Bf1 Rfc8 18. a4 a6 19. Qb3 Nd7 20. Nd3 Kh7 21. Bf2 b6
22. Nb4 Nc5 23. Qc4 Qb7 24. Qe2 Be8 25. Ra1 a5 26. Nd3 Nxd5 27. Nxc5 bxc5 28.
Nb5 Bxb5 29. Qxb5 Qe7 30. Rad1 Nf6 31. Qb6 d5 32. b3 e4 33. Ba6 Rc7 34. Bb5 d4
35. fxe4 fxe4 36. g4 Nd5 0-1

[Event "CAN-op"]
[Site "Regina CAN"]
[Date "2019.07.14"]
[Round "4.2"]
[White "Sohal, Tanraj"]
[Black "Haessel, Dale"]
[Result "0-1"]
[WhiteElo "2241"]
[BlackElo "2148"]
[PlyCount "94"]
[EventDate "2019.07.12"]
[EventType "swiss"]
[EventRounds "9"]
[EventCountry "CAN"]

1. d4 Nf6 2. c4 g6 3. f3 Nc6 4. d5 Ne5 5. e4 d6 6. Nc3 Bg7 7. Bd3 c6 8. Be3 O-O
9. Nge2 e6 10. dxc6 bxc6 11. O-O Ba6 12. Qa4 Qc8 13. Rad1 d5 14. b3 Nfd7 15.
exd5 exd5 16. Bd4 Nb6 17. Qa5 Nxd3 18. Bxg7 Kxg7 19. Rxd3 dxc4 20. Re3 cxb3 21.
axb3 Rd8 22. Qe5+ Kg8 23. Rc1 Nd7 24. Qg5 Re8 25. Ng3 Rxe3 26. Qxe3 Qb7 27.
Nce4 Rb8 28. Nd2 Qb6 29. Qxb6 Rxb6 30. Kf2 Kf8 31. Nge4 Bb5 32. Ke3 Ra6 33. Rc2
Ke7 34. Rc1 Ra2 35. Nc3 Rb2 36. Nd1 Ra2 37. Nc3 Ra3 38. Kd4 c5+ 39. Kd5 Ba6 40.
Re1+ Kd8 41. h4 Bb7+ 42. Kc4 Ba6+ 43. Kd5 c4 44. Nxc4 Rxb3 45. Ra1 Rxc3 46.
Rxa6 Rd3+ 47. Ke4 Nc5+ 0-1

[Event "CAN-op"]
[Site "Regina CAN"]
[Date "2019.07.14"]
[Round "4.3"]
[White "Wiebe, Isaac"]
[Black "Ma, Derek"]
[Result "1/2-1/2"]
[WhiteElo "2062"]
[BlackElo "1925"]
[PlyCount "39"]
[EventDate "2019.07.12"]
[EventType "swiss"]
[EventRounds "9"]
[EventCountry "CAN"]

1. d4 Nf6 2. Nc3 d5 3. Bf4 g6 4. e3 Bg7 5. h4 h5 6. Nf3 O-O 7. Be2 c5 8. Nb5
cxd4 9. exd4 Nc6 10. Nc7 e5 11. dxe5 Qxc7 12. exf6 Qxf4 13. fxg7 Kxg7 14. Qd2
Qxd2+ 15. Kxd2 Bg4 16. Rhe1 d4 17. Ng5 Bf5 18. a3 f6 19. Nf3 Be4 20. Bd3
1/2-1/2

[Event "CAN-op"]
[Site "Regina CAN"]
[Date "2019.07.14"]
[Round "4.4"]
[White "Huang, Patrick"]
[Black "Hemstapat, Andrew"]
[Result "0-1"]
[WhiteElo "2055"]
[BlackElo "2069"]
[PlyCount "72"]
[EventDate "2019.07.12"]
[EventType "swiss"]
[EventRounds "9"]
[EventCountry "CAN"]

1. d4 e6 2. Bf4 f5 3. e3 Nf6 4. Nf3 d6 5. h3 g6 6. Bd3 Qe7 7. Nbd2 Nbd7 8. Bh2
Bg7 9. Qe2 e5 10. dxe5 dxe5 11. Bc4 h6 12. O-O-O a6 13. Bb3 b5 14. Nh4 Nf8 15.
Ndf3 N6d7 16. Bd5 Rb8 17. e4 f4 18. g3 fxg3 19. Bxg3 Rb6 20. Qd3 Nc5 21. Qc3 b4
22. Qc4 Nfd7 23. Rhg1 a5 24. Qe2 Na4 25. Nxg6 Rxg6 26. Nh4 Rg5 27. Qb5 Nab6 28.
Qc6 Bf6 29. Be6 Qc5 30. Bxd7+ Nxd7 31. Qa4 c6 32. Qb3 Nb6 33. Nf5 Rxf5 34. exf5
Bxf5 35. Rd2 Bg5 36. Rgd1 a4 0-1

[Event "CAN-op"]
[Site "Regina CAN"]
[Date "2019.07.14"]
[Round "4.5"]
[White "Mills, Morgon"]
[Black "Yang, Jingyun (Ryan)"]
[Result "1-0"]
[WhiteElo "2036"]
[BlackElo "1704"]
[PlyCount "163"]
[EventDate "2019.07.12"]
[EventType "swiss"]
[EventRounds "9"]
[EventCountry "CAN"]

1. e4 c5 2. Nf3 g6 3. c3 Bg7 4. d4 cxd4 5. cxd4 d6 6. Nc3 Nf6 7. Bc4 O-O 8. O-O
Nc6 9. h3 Bd7 10. Qe2 Rc8 11. Rd1 Qc7 12. e5 Ne8 13. Nb5 Qb8 14. e6 fxe6 15.
Bxe6+ Bxe6 16. Qxe6+ Kh8 17. Ng5 a6 18. Nc3 Bxd4 19. Nf7+ Rxf7 20. Qxf7 Ng7 21.
Qd5 Qa7 22. Qf3 Ne5 23. Qe2 Nf5 24. Bf4 Rf8 25. Ne4 Ng7 26. Bxe5 dxe5 27. Rac1
Ne6 28. Rf1 Qb6 29. b3 Ng7 30. Qc4 Nh5 31. Qc7 Qe6 32. Rce1 b5 33. Ng5 Qf6 34.
Nf3 Ng3 35. Nxd4 Nxf1 36. Qxe5 Nd2 37. Qe3 Qf4 38. Qxf4 Rxf4 39. Ne6 Re4 40.
Rxe4 Nxe4 41. Nc7 Nc3 42. Nxa6 Nxa2 43. Kf1 Kg7 44. Ke1 Nc3 45. Kd2 Nd5 46. Kd3
Nf4+ 47. Ke4 Ne6 48. Kd5 Kf6 49. g3 h5 50. Nc5 Ng5 51. h4 Nh3 52. Nd3 e5 53.
Ke4 g5 54. b4 gxh4 55. gxh4 Ke6 56. f3 Kd6 57. Nxe5 Nf2+ 58. Kd4 Nd1 59. Ng6
Nb2 60. Nf4 Nc4 61. Nxh5 Ne5 62. Ke4 Ng6 63. Ng7 Nxh4 64. Nf5+ Nxf5 65. Kxf5
Kd5 66. Kg5 Kc4 67. f4 Kxb4 68. f5 Kc3 69. f6 b4 70. f7 b3 71. f8=Q b2 72. Qf5
Kd2 73. Qb1 Kc3 74. Kf4 Kb3 75. Ke3 Ka3 76. Kd3 Kb3 77. Kd2 Ka4 78. Qxb2 Ka5
79. Qb7 Ka4 80. Kc3 Ka5 81. Kc4 Ka4 82. Qa6# 1-0

[Event "CAN-op"]
[Site "Regina CAN"]
[Date "2019.07.14"]
[Round "4.6"]
[White "Chandra, Anand Rishi"]
[Black "Wolchock, Theo"]
[Result "1/2-1/2"]
[WhiteElo "1883"]
[BlackElo "2032"]
[PlyCount "53"]
[EventDate "2019.07.12"]
[EventType "swiss"]
[EventRounds "9"]
[EventCountry "CAN"]

1. e4 c5 2. Nf3 g6 3. c3 Bg7 4. d4 cxd4 5. cxd4 d5 6. e5 Nc6 7. Nc3 Bg4 8. Be2
Nh6 9. Be3 Nf5 10. Qd2 f6 11. exf6 Bxf6 12. Bf4 e6 13. Ne5 Bxe2 14. Nxe2 Qb6
15. Rd1 Qb4 16. Nxc6 Qxd2+ 17. Rxd2 bxc6 18. g4 Nh4 19. Kd1 Kd7 20. Rd3 g5 21.
Bg3 Ng6 22. Rb3 e5 23. Rb7+ Kd6 24. Rf7 Ke6 25. Rc7 Kd6 26. Rf7 Ke6 27. Rc7
1/2-1/2

[Event "CAN-op"]
[Site "Regina CAN"]
[Date "2019.07.14"]
[Round "4.7"]
[White "Bu, Kevin"]
[Black "Demchenko, Kiril"]
[Result "1/2-1/2"]
[WhiteElo "1784"]
[BlackElo "2004"]
[PlyCount "88"]
[EventDate "2019.07.12"]
[EventType "swiss"]
[EventRounds "9"]
[EventCountry "CAN"]

1. d4 d5 2. Bf4 e6 3. e3 Bd6 4. Nf3 Bxf4 5. exf4 Qd6 6. Qd2 c5 7. dxc5 Qxc5 8.
Bd3 Nc6 9. O-O Nf6 10. Re1 O-O 11. g3 b6 12. c3 a5 13. Na3 Ba6 14. Nc2 Bxd3 15.
Qxd3 b5 16. Nfd4 Rab8 17. f5 Ne4 18. f3 Nxg3 19. hxg3 e5 20. Rad1 exd4 21. Nxd4
b4 22. Kf1 bxc3 23. Qxc3 Qxc3 24. bxc3 Rfc8 25. Nxc6 Rxc6 26. Re3 Rc5 27. Red3
Kf8 28. Ke2 Rb2+ 29. R1d2 Rxd2+ 30. Kxd2 Ke7 31. Ke3 Rc4 32. Rxd5 Rxc3+ 33. Rd3
Rc5 34. Kf4 Kf6 35. Rd6+ Ke7 36. Rd3 g6 37. fxg6 fxg6 38. a3 Ke6 39. Ke4 h5 40.
f4 Rc4+ 41. Kf3 Ra4 42. Ke3 Kf6 43. Kf3 Kf5 44. Rd5+ Ke6 1/2-1/2

[Event "CAN-op"]
[Site "Regina CAN"]
[Date "2019.07.14"]
[Round "4.9"]
[White "Srinivasan, Hermant"]
[Black "Wang, Paul"]
[Result "1/2-1/2"]
[WhiteElo "1688"]
[BlackElo "1902"]
[PlyCount "45"]
[EventDate "2019.07.12"]
[EventType "swiss"]
[EventRounds "9"]
[EventCountry "CAN"]

1. d4 d5 2. c4 c6 3. Nc3 Nf6 4. Nf3 e6 5. Bg5 Nbd7 6. e3 Qa5 7. Nd2 Bb4 8. Bxf6
Nxf6 9. Qc2 Ne4 10. Ndxe4 dxe4 11. Be2 e5 12. O-O exd4 13. Qxe4+ Be6 14. exd4
O-O 15. Qc2 Rad8 16. Rad1 Qg5 17. f4 Qf6 18. f5 Bxc3 19. bxc3 Bc8 20. c5 Rfe8
21. Bd3 Qg5 22. Rf3 Re3 23. Qd2 1/2-1/2

[Event "CAN-op"]
[Site "Regina CAN"]
[Date "2019.07.14"]
[Round "4.10"]
[White "Malek, Omid"]
[Black "McDonald, Mike"]
[Result "1-0"]
[WhiteElo "2141"]
[BlackElo "1741"]
[PlyCount "45"]
[EventDate "2019.07.12"]
[EventType "swiss"]
[EventRounds "9"]
[EventCountry "CAN"]

1. d4 Nf6 2. Bf4 d5 3. e3 c5 4. c3 Nc6 5. Nd2 e6 6. Ngf3 Be7 7. Bd3 Nh5 8. Be5
Nxe5 9. Nxe5 Nf6 10. f4 h5 11. Qf3 Bd6 12. O-O b6 13. Qg3 Kf8 14. Ndf3 Bxe5 15.
fxe5 Ng4 16. Qf4 Nh6 17. Ng5 Nf5 18. e4 dxe4 19. Bxe4 Rb8 20. Bxf5 exf5 21. d5
g6 22. e6 Bb7 23. d6 1-0

[Event "CAN-op"]
[Site "Regina CAN"]
[Date "2019.07.14"]
[Round "4.11"]
[White "Lambruschini, Alex"]
[Black "Windram, James"]
[Result "0-1"]
[WhiteElo "1810"]
[BlackElo "1907"]
[PlyCount "80"]
[EventDate "2019.07.12"]
[EventType "swiss"]
[EventRounds "9"]
[EventCountry "CAN"]

1. d4 Nf6 2. c4 c5 3. d5 e6 4. Nc3 exd5 5. cxd5 d6 6. Nf3 g6 7. e3 a6 8. a4 Bg4
9. Be2 Bxf3 10. Bxf3 Bg7 11. O-O O-O 12. Re1 Nbd7 13. Qb3 Qe7 14. Bd2 Ne5 15.
Be2 Rfe8 16. Rad1 Rab8 17. f4 Ned7 18. Bf3 c4 19. Qc2 Nc5 20. e4 Nd3 21. Re2 b5
22. axb5 axb5 23. Na2 Qa7+ 24. Be3 Qxa2 25. Bd4 Nd7 26. Bxg7 Kxg7 27. Qc3+ Kg8
28. g3 Qa7+ 29. Kg2 f5 30. e5 dxe5 31. fxe5 Rxe5 32. Rxd3 Rxe2+ 33. Bxe2 cxd3
34. Bxd3 Qc5 35. Qb3 Kg7 36. Be2 Nf6 37. Bf3 Rc8 38. Kh3 g5 39. Bg2 g4+ 40. Kh4
Qc1 0-1

[Event "CAN-op"]
[Site "Regina CAN"]
[Date "2019.07.14"]
[Round "4.12"]
[White "Jiang, Kate"]
[Black "Boron, Anthony"]
[Result "1/2-1/2"]
[WhiteElo "1463"]
[BlackElo "1854"]
[PlyCount "79"]
[EventDate "2019.07.12"]
[EventType "swiss"]
[EventRounds "9"]
[EventCountry "CAN"]

1. e4 c5 2. c3 e6 3. d4 d5 4. exd5 Qxd5 5. Nf3 Nf6 6. Be2 Nc6 7. Bf4 a6 8. O-O
Be7 9. Be3 Ng4 10. c4 Qd8 11. Nc3 cxd4 12. Nxd4 Nxe3 13. fxe3 Bd7 14. Bf3 Rc8
15. b3 O-O 16. Qe2 Qb6 17. Rad1 Rfd8 18. Nxc6 Bxc6 19. Bxc6 Qxc6 20. Qf3 Rxd1
21. Rxd1 Qc7 22. e4 Bf6 23. Rd3 Be5 24. g3 Rd8 25. Qd1 Rxd3 26. Qxd3 h6 27. Kf1
Qa5 28. Na4 b5 29. cxb5 axb5 30. Nc5 Qxa2 31. Qxb5 Qb1+ 32. Kg2 Bd4 33. b4 Bxc5
34. Qxc5 Qxe4+ 35. Kf2 Qh1 36. h4 Qh2+ 37. Kf3 Qh1+ 38. Kf2 Qh2+ 39. Kf3 Qh1+
40. Kf2 1/2-1/2

[Event "CAN-op"]
[Site "Regina CAN"]
[Date "2019.07.14"]
[Round "4.13"]
[White "Ehab, Mohamed"]
[Black "Landstrom, William"]
[Result "1-0"]
[WhiteElo "2006"]
[BlackElo "1516"]
[PlyCount "53"]
[EventDate "2019.07.12"]
[EventType "swiss"]
[EventRounds "9"]
[EventCountry "CAN"]

1. e4 d6 2. d4 Nf6 3. Nc3 e5 4. Nge2 Bd7 5. g3 Nc6 6. Bg2 g6 7. h3 Bg7 8. Be3
h6 9. O-O Qe7 10. f4 exd4 11. Nxd4 a6 12. Re1 O-O-O 13. Nb3 Nh7 14. Nd5 Qf8 15.
c4 Nf6 16. c5 dxc5 17. Nxc5 Be6 18. Qb3 Rd6 19. Qxb7+ Kd8 20. Qxc7+ Ke8 21. e5
Nxd5 22. Bxd5 Rxd5 23. Qxc6+ Ke7 24. Nxe6 fxe6 25. Bc5+ Rxc5 26. Qxc5+ Kf7 27.
Qa7+ 1-0

[Event "CAN-op"]
[Site "Regina CAN"]
[Date "2019.07.14"]
[Round "4.14"]
[White "Yao, Sammy"]
[Black "Taylor, Tom"]
[Result "1-0"]
[WhiteElo "1986"]
[BlackElo "1926"]
[PlyCount "39"]
[EventDate "2019.07.12"]
[EventType "swiss"]
[EventRounds "9"]
[EventCountry "CAN"]

1. c4 e5 2. g3 Nc6 3. Bg2 g6 4. Nc3 Bg7 5. e4 d6 6. Nge2 Be6 7. d3 Qd7 8. Nd5
Nce7 9. O-O c6 10. Ne3 f5 11. f4 Nf6 12. Rb1 O-O 13. b3 fxe4 14. dxe4 Rad8 15.
Bb2 Bh3 16. fxe5 Bxg2 17. exf6 Bxf1 18. fxg7 Rf3 19. Nxf1 Qe6 20. Nd4 1-0

[Event "CAN-op"]
[Site "Regina CAN"]
[Date "2019.07.14"]
[Round "4.15"]
[White "Chen, Andrew"]
[Black "Castillo, Rey"]
[Result "1-0"]
[WhiteElo "1778"]
[BlackElo "1965"]
[PlyCount "61"]
[EventDate "2019.07.12"]
[EventType "swiss"]
[EventRounds "9"]
[EventCountry "CAN"]

1. e4 g6 2. Nc3 Bg7 3. d4 c5 4. Be3 Qa5 5. Qd2 cxd4 6. Bxd4 e5 7. Be3 Nf6 8.
Bc4 O-O 9. f3 a6 10. Nge2 b5 11. Bb3 Bb7 12. g4 h5 13. gxh5 Nxh5 14. O-O-O Qc7
15. Ng3 Nf4 16. h4 Kh7 17. Nce2 Bh6 18. h5 g5 19. Nf5 a5 20. Nd6 f5 21. Bxf4
exf4 22. Nxf5 Rxf5 23. exf5 Bxf3 24. Qd3 Qb7 25. Qd6 Ra6 26. Qe7+ Bg7 27. h6
Rxh6 28. Rxh6+ Kxh6 29. Rg1 Bg2 30. Nxf4 Qe4 31. Qd6+ 1-0

[Event "CAN-op"]
[Site "Regina CAN"]
[Date "2019.07.14"]
[Round "4.16"]
[White "Bince, Rolando"]
[Black "Basko, Yauheni"]
[Result "0-1"]
[WhiteElo "1857"]
[BlackElo "1800"]
[PlyCount "104"]
[EventDate "2019.07.12"]
[EventType "swiss"]
[EventRounds "9"]
[EventCountry "CAN"]

1. d4 d5 2. Nf3 Nf6 3. Bf4 c5 4. e3 Nc6 5. Bb5 Qa5+ 6. Nc3 Bf5 7. O-O a6 8.
Bxc6+ bxc6 9. Ne5 Rc8 10. a3 e6 11. h3 h6 12. g4 Bh7 13. Bg3 Be7 14. f4 Ne4 15.
Be1 Qc7 16. f5 cxd4 17. exd4 Nxc3 18. bxc3 O-O 19. Qe2 c5 20. Rf3 cxd4 21. Bg3
Qa7 22. Bf2 Bc5 23. Nd3 Bb6 24. Kg2 exf5 25. Re1 fxg4 26. Rf4 gxh3+ 27. Kxh3
Qd7+ 28. Qg4 Qxg4+ 29. Kxg4 Rxc3 30. Bxd4 Bxd4 31. Rxd4 Rc4 32. Rxc4 dxc4 33.
Nc5 a5 34. c3 Bc2 35. Re7 Rc8 36. Nd7 Bd1+ 37. Kf4 g6 38. Ne5 g5+ 39. Kf5 Bh5
40. Kf6 g4 41. Rd7 Re8 42. Rd5 Re6+ 43. Kf5 g3 44. Rd2 Kg7 45. Kf4 Bg6 46. Rg2
h5 47. Rxg3 Kf6 48. Rg5 h4 49. Nxg6 fxg6 50. Rxa5 h3 51. Rb5 h2 52. Rb1 Ra6 0-1

[Event "CAN-op"]
[Site "Regina CAN"]
[Date "2019.07.14"]
[Round "4.17"]
[White "Sorgard, Graham"]
[Black "Ratte, Cameron"]
[Result "1-0"]
[WhiteElo "1960"]
[BlackElo "1857"]
[PlyCount "35"]
[EventDate "2019.07.12"]
[EventType "swiss"]
[EventRounds "9"]
[EventCountry "CAN"]

1. e4 c5 2. Nc3 Nc6 3. f4 g6 4. Nf3 Bg7 5. Bc4 e6 6. f5 Nge7 7. fxe6 dxe6 8.
O-O O-O 9. d3 h6 10. Qe1 g5 11. Qg3 Ng6 12. Ne2 b6 13. Qg4 Nce5 14. Qh5 Nxc4
15. dxc4 Bb7 16. Bxg5 Qc7 17. Bxh6 Bxe4 18. Ng5 1-0

[Event "CAN-op"]
[Site "Regina CAN"]
[Date "2019.07.14"]
[Round "4.18"]
[White "Wei, Daniel"]
[Black "Lin, Joey"]
[Result "1-0"]
[WhiteElo "1840"]
[BlackElo "1255"]
[PlyCount "131"]
[EventDate "2019.07.12"]
[EventType "swiss"]
[EventRounds "9"]
[EventCountry "CAN"]

1. e4 c5 2. Nf3 e6 3. c3 d6 4. d4 cxd4 5. cxd4 Nf6 6. Nc3 Be7 7. Bb5+ Bd7 8.
Bxd7+ Nbxd7 9. O-O O-O 10. e5 Nd5 11. Nxd5 exd5 12. Re1 dxe5 13. dxe5 Bb4 14.
Bd2 Bxd2 15. Qxd2 Nb6 16. e6 fxe6 17. Rxe6 Qd7 18. Rae1 Rfe8 19. Rxe8+ Rxe8 20.
Rxe8+ Qxe8 21. h3 h6 22. b3 Qd7 23. Qf4 Kh7 24. h4 Nc8 25. h5 Ne7 26. Qf7 Qd6
27. Qe8 Nc6 28. Nh4 Ne7 29. Qa4 d4 30. Nf3 Nc6 31. Qc4 Ne5 32. Nxe5 Qxe5 33.
Qd3+ Kh8 34. Kf1 Qxh5 35. Qxd4 a6 36. f3 Qb5+ 37. Kf2 Qa5 38. a4 Qc7 39. Qc4
Qd7 40. Ke3 Qe7+ 41. Kd3 Qd6+ 42. Kc3 Qf6+ 43. Qd4 Qc6+ 44. Kb4 b6 45. Qc4 a5+
46. Kc3 Qf6+ 47. Qd4 Qc6+ 48. Kd2 Qc7 49. Kd3 Qb8 50. Kc4 Qg8+ 51. Qd5 Qc8+ 52.
Kb5 Qe8+ 53. Kxb6 Qg6+ 54. Kxa5 Qxg2 55. b4 Qg6 56. b5 h5 57. b6 Qe8 58. b7 h4
59. Qd6 Qe1+ 60. Ka6 Qe2+ 61. Ka7 Qe3+ 62. Qb6 Qe7 63. Ka8 h3 64. b8=Q+ Kh7 65.
Q8d8 h2 66. Qb1+ 1-0

[Event "CAN-op"]
[Site "Regina CAN"]
[Date "2019.07.14"]
[Round "4.19"]
[White "Wang, Elon"]
[Black "Albzour, Abdalsalam"]
[Result "1-0"]
[WhiteElo "1525"]
[BlackElo "1794"]
[PlyCount "105"]
[EventDate "2019.07.12"]
[EventType "swiss"]
[EventRounds "9"]
[EventCountry "CAN"]

1. e4 c6 2. d4 d5 3. Nc3 e6 4. Nf3 Be7 5. Bd3 h6 6. O-O Nf6 7. Bf4 O-O 8. e5
Nh7 9. Ne2 Nd7 10. c3 a6 11. Bc2 Re8 12. Ng3 Ndf8 13. Ne1 Bg5 14. Bxg5 Nxg5 15.
f4 Ngh7 16. Qg4 f5 17. Qh3 Re7 18. Nf3 Rf7 19. Kh1 Ng6 20. Nh5 Qe7 21. Rg1 Kh8
22. Raf1 Ngf8 23. g4 fxg4 24. Rxg4 g5 25. fxg5 Nxg5 26. Nxg5 Rxf1+ 27. Qxf1
hxg5 28. Nf6 Qf7 29. Qh3+ Kg7 30. Rxg5+ Ng6 31. Rxg6+ Qxg6 32. Bxg6 Kxg6 33.
Qh7+ Kg5 34. h4+ Kf4 35. Qg7 b5 36. Kg2 Ke3 37. h5 Rb8 38. h6 b4 39. h7 bxc3
40. Qg3+ Ke2 41. Qxc3 Bb7 42. Qh3 c5 43. h8=Q Rxh8 44. Qxh8 cxd4 45. Qh5+ Kd2
46. Qf7 Ba8 47. Qxe6 d3 48. Qxa6 Ke3 49. Qxa8 d2 50. Ng4+ Ke2 51. Nf2 d1=Q 52.
Nxd1 Kxd1 53. e6 1-0

[Event "CAN-op"]
[Site "Regina CAN"]
[Date "2019.07.14"]
[Round "4.20"]
[White "Vasic, Maxim"]
[Black "Darvekar, Yash"]
[Result "1-0"]
[WhiteElo "1964"]
[BlackElo "1495"]
[PlyCount "69"]
[EventDate "2019.07.12"]
[EventType "swiss"]
[EventRounds "9"]
[EventCountry "CAN"]

1. d4 d5 2. c4 c6 3. Nf3 Nf6 4. Nc3 e6 5. Bg5 dxc4 6. e4 b5 7. e5 h6 8. Bh4 g5
9. Nxg5 hxg5 10. Bxg5 Nbd7 11. g3 Bb4 12. exf6 Qa5 13. Qc2 Bb7 14. Bg2 O-O-O
15. O-O Bxc3 16. bxc3 Nb6 17. Bf4 Nd5 18. Bxd5 Rxd5 19. a4 Rdh5 20. g4 Rh4 21.
f3 Qb6 22. Qe4 c5 23. Qe5 cxd4 24. axb5 d3+ 25. Kg2 Rxg4+ 26. Bg3 Rhg8 27. Ra4
Bd5 28. Rfa1 R8g5 29. Qe1 Qxb5 30. Rb4 Qc5 31. Rb8+ Kd7 32. Qf2 Qxf2+ 33. Kxf2
Rf5 34. Rxa7+ Kc6 35. Rc7# 1-0